000
00300nam a2200109Ia 4500
005
20251222144805.0
008
251222s9999||||xx |||||||||||||| ||spa||
082
_a
352.258.5/M84
100
_a
Montoya Lizárraga, Ivone M.
245
0
_a
PolĂticas Nacionales de Obligatorio Cumplimiento:
942
_c
LIB
999
_c
19897
_d
19897